Wimbledon Finalists - Sudden Death - Statistics

General Stats
  • This quiz has been taken 636 times
    474 since last reset
  • The average score is 9 of 21
Answers on the Grid
Answers color-coded by a green-red scale on the quiz's grid according to % correct below.
Alexander Zverev
Andre Agassi
Andy Murray
Andy Roddick
Bjorn Borg
Boris Becker
Carlos Alcaraz
Daniil Medvedev
David Ferrer
Goran Ivanisevic
Guillermo Vilas
Ilie Nastase
Ivan Lendl
Jannik Sinner
Jo-Wilfried Tsonga
Johan Kriek
John Isner
Juan Carlos Ferrero
Juan Martin Del Potro
Kevin Anderson
Lleyton Hewitt
Marin Cilic
Mats Wilander
Milos Raonic
Nick Kyrgios
Novak Djokovic
Patrick Rafter
Rafael Nadal
Roger Federer
Sergi Bruguera
Stan Wawrinka
Stefan Edberg
Tim Henman
Tomas Berdych
Yevgeny Kafelnikov
 
Answer Stats
Answer % Correct
Andy Murray
86%
Andre Agassi
78%
Bjorn Borg
76%
Carlos Alcaraz
76%
Boris Becker
68%
Novak Djokovic
61%
Rafael Nadal
60%
Roger Federer
59%
Jannik Sinner
56%
Andy Roddick
53%
Goran Ivanisevic
45%
Ivan Lendl
45%
Lleyton Hewitt
34%
Nick Kyrgios
28%
Stefan Edberg
27%
Ilie Nastase
18%
Kevin Anderson
18%
Marin Cilic
15%
Milos Raonic
15%
Patrick Rafter
14%
Tomas Berdych
12%
No matching quizzes found
Score Distribution
Percent of People with Each Score
Percentile by Number Answered
Your Score History
You have not taken this quiz since the last reset